National Anthem of Azerbaijan - "Azərbaycan Marşı" - Statistics

General Stats
  • This quiz has been taken 7 times
  • The average score is 38 of 76
Answer Stats
Answer % Correct
Azərbaycan!
100%
Azərbaycan!
86%
şanli
86%
Vətəni!
86%
Azərbaycan!
71%
Azərbaycan!
71%
Azərbaycan!
71%
can
71%
cümlə
71%
cümlə
71%
Ey
71%
hazırız!
71%
ötrü
71%
ötrü
71%
övladın
71%
qadiriz!
71%
qan
71%
qəhrəman
71%
Səndən
71%
Səndən
71%
tökməyə
71%
Azərbaycan!
57%
bayrağınla
57%
bayrağınla
57%
məsud
57%
məsud
57%
Minlərlə
57%
Şanlı
57%
Şanlı
57%
Üçrəngli
57%
Üçrəngli
57%
verməyə
57%
Vətən!
57%
Vətən!
57%
yaşa!
57%
yaşa!
57%
an
43%
bir
43%
can
43%
can
43%
gülüstan,
43%
hər
43%
hifz
43%
hifz
43%
məhəbbət,
43%
məkan!
43%
Namusunu
43%
namusunu
43%
olasan
43%
oldu,
43%
oldu!
43%
qurban
43%
qurban!
43%
Sən
43%
tutmuş
43%
bayrağını
29%
bir
29%
cümlə
29%
əsgər,
29%
etməyə,
29%
etməyə,
29%
gənclər
29%
hərbə
29%
hərə
29%
Hüququndan
29%
keçən
29%
meydan
29%
min
29%
müştaqdır!
29%
oldu!
29%
qəhrəman
29%
sənə
29%
Sənə
29%
sinəmde
29%
sinən
29%
yüksəltməyə;
29%
No matching quizzes found
Score Distribution
Percent of People with Each Score
Percentile by Number Answered
Your Score History
You have not taken this quiz